Избранное: пер. с азерб.

Bibliographic Details
Main Author: Ахундов М. Ф. Мирза Фатали
Other Authors: Мамедов А. Арифа (составитель редактор), Калита Н. И. Николай Иванович (художник)
Summary:На пер. загл. не указано
Переводчики указаны в содержании
В суперобложке.
Language:Russian
Published: Москва, Художественная литература, 1982
Subjects:
Format: Book
KOHA link:https://koha.lib.tpu.ru/cgi-bin/koha/opac-detail.pl?biblionumber=226399

MARC

LEADER 00000nam0a2200000 4500
001 226399
005 20231101230728.0
010 |b 3000 экз. 
035 |a (RuTPU)RU\TPU\book\246774 
090 |a 226399 
100 |a 20121121d1982 m y0rusy50 ca 
101 1 |a rus  |c aze 
102 |a RU 
105 |a ac z 000ay 
200 1 |a Избранное  |e пер. с азерб.  |f М. Ф. Ахундов  |g сост. и научная подготовка текстов А. Мамедова ; худож. Н. И. Калита 
210 |a Москва  |c Художественная литература  |d 1982 
215 |a 134 с.  |c ил., портр.  |d 10,5 см. 
300 |a На пер. загл. не указано 
300 |a Переводчики указаны в содержании 
300 |a В суперобложке. 
606 |a Редкие книги  |2 stltpush  |3 (RuTPU)RU\TPU\subj\67540  |9 83297 
610 1 |a азербайджанская литература 
610 1 |a проза 
610 1 |a поэзия 
610 1 |a 19 век 
610 1 |a поэмы 
610 1 |a повести 
610 1 |a стихи 
610 1 |a афоризмы 
610 1 |a миниатюрные издания 
686 |a Ч611.68  |v LBC/SL-A  |2 rubbk 
700 1 |a Ахундов  |b М. Ф.  |c азербайджанский писатель-просветитель, философ, зачинатель азербайджанской драматургии  |f 1812-1878  |g Мирза Фатали  |2 stltpush  |3 (RuTPU)RU\TPU\pers\21784  |9 9159 
702 1 |a Мамедов  |b А.  |g Арифа  |4 220  |4 340 
702 1 |a Калита  |b Н. И.  |c российский художник-график  |f 1926-  |g Николай Иванович  |2 stltpush  |3 (RuTPU)RU\TPU\pers\22644  |4 040  |9 9686 
801 1 |a RU  |b 63413507  |c 20121121 
801 2 |a RU  |b 63413507  |c 20180301  |g RCR 
942 |c BK